[Event "25. Copenhagen Open  (Politiken Cup)"]
[Site "Copenhagen"]
[Date "2003.07.22"]
[Round "8"]
[White "Kristjansson, Atli Freyr"]
[Black "Hansen, Alexei"]
[Result "0-1"]
[WhiteElo "1560"]
[BlackElo "1973"]
[PlyCount "136"]
[EventDate "2003.07.14"]
[EventType "swiss"]
[EventRounds "11"]
[EventCountry "DEN"]
[SourceDate "2004.01.01"]

1. e4 c5 2. Nf3 d6 3. d4 cxd4 4. Nxd4 Nf6 5. Nc3 g6 6. Be3 Bg7 7. f3 O-O 8. Bc4
Nc6 9. Bb3 Bd7 10. Qd2 Qa5 11. O-O-O Rfc8 12. g4 Ne5 13. Kb1 Nc4 14. Bxc4 Rxc4
15. h4 Rac8 16. Nb3 Qc7 17. h5 b5 18. hxg6 fxg6 19. Rh2 a5 20. Nd5 Nxd5 21.
Qxd5+ e6 22. Qxd6 Qxd6 23. Rxd6 Be5 24. Rxd7 Bxh2 25. c3 R4c7 26. Rd2 Be5 27.
Bb6 Rf7 28. Rd3 Rcf8 29. Bd4 Bg3 30. Nd2 Be1 31. Bc5 Rc8 32. Bb6 Bxd2 33. Rxd2
Rxf3 34. Rd6 Re8 35. g5 Rg3 36. Bd8 Re3 37. Bf6 Rxe4 38. Rd7 Rh4 39. Kc2 e5 40.
Kd3 e4+ 41. Ke2 e3 42. Be7 Rh2+ 43. Kxe3 Kf7 44. Kf4 Rxe7 45. Rd5 Rxb2 46. a4
Ra7 47. axb5 a4 48. c4 Rb4 49. Rc5 a3 50. Rc6 a2 51. b6 a1=Q 52. Rf6+ Kg7 53.
bxa7 Rxc4+ 54. Kg3 Qxa7 55. Kg2 Rc2+ 56. Kg3 Qg1+ 57. Kf4 Rf2+ 58. Ke4 Qe1+ 59.
Kd5 Rd2+ 60. Kc6 Qc1+ 61. Kb7 Rd7+ 62. Kb6 Qc7+ 63. Kb5 Rd5+ 64. Kb4 Qc5+ 65.
Kb3 Rd3+ 66. Kb2 Qa3+ 67. Kb1 Qb3+ 68. Kc1 Rd1# 0-1

[Event "25. Copenhagen Open  (Politiken Cup)"]
[Site "Copenhagen"]
[Date "2003.07.22"]
[Round "8"]
[White "Lahlum, Hans Olav"]
[Black "Mikkelsen, Nikolaj"]
[Result "1/2-1/2"]
[WhiteElo "2202"]
[BlackElo "2104"]
[PlyCount "75"]
[EventDate "2003.07.14"]
[EventType "swiss"]
[EventRounds "11"]
[EventCountry "DEN"]
[SourceDate "2004.01.01"]

1. d4 Nf6 2. c4 g6 3. Nc3 Bg7 4. e4 d6 5. f3 O-O 6. Be3 a6 7. Qd2 Nbd7 8. O-O-O
c5 9. dxc5 Qa5 10. cxd6 exd6 11. Kb1 b5 12. Nd5 {#} Nxd5 13. Qxa5 Nxe3 14. Rc1
Rb8 15. c5 Nxc5 16. Qe1 Nc4 17. Rc2 Be6 18. Nh3 Na4 19. Nf4 Naxb2 20. Rc3 b4
21. Rxc4 Bxc4 22. Nd5 b3 23. a3 Bxd5 24. exd5 Na4 25. Bd3 Nc3+ 26. Kb2 Nxd5+
27. Kb1 b2 28. Qa5 Nc3+ 29. Kc2 b1=Q+ 30. Rxb1 Rxb1 31. Qxa6 Rfb8 32. Kd2 Bh6+
33. Kxc3 R1b3+ 34. Kd4 Bc1 35. Bc4 Rxa3 36. Qxd6 Be3+ 37. Ke5 Ra5+ 38. Ke4
1/2-1/2

[Event "25. Copenhagen Open  (Politiken Cup)"]
[Site "Copenhagen"]
[Date "2003.07.22"]
[Round "8"]
[White "Lappage, Jonathan"]
[Black "Christensen, Tobias"]
[Result "0-1"]
[WhiteElo "2208"]
[BlackElo "2371"]
[PlyCount "102"]
[EventDate "2003.07.14"]
[EventType "swiss"]
[EventRounds "11"]
[EventCountry "DEN"]
[SourceDate "2004.01.01"]

1. e4 Nf6 2. Nc3 d5 3. e5 d4 4. exf6 dxc3 5. fxg7 cxd2+ 6. Qxd2 Qxd2+ 7. Bxd2
Bxg7 8. O-O-O Nc6 9. Bb5 Bd7 10. Ne2 a6 11. Ba4 O-O-O 12. Bc3 Rhg8 13. Bxg7
Rxg7 14. Bxc6 Bxc6 15. Rxd8+ Kxd8 16. Rd1+ Kc8 17. g3 Rg6 18. Nd4 Bd7 19. f4
Bg4 20. Re1 Kd7 21. Re5 Rd6 22. c3 f6 23. Re1 Rd5 24. Nc2 Rh5 25. h4 e5 26. Ne3
Be6 27. f5 Bxf5 28. g4 Bxg4 29. Nxg4 Ke6 30. Rh1 f5 31. Ne3 f4 32. Ng2 Kf5 33.
Kd2 e4 34. Rf1 f3 35. Ke3 Ke5 36. Ne1 Rxh4 37. Rf2 Rh1 38. Nxf3+ exf3 39. Kxf3
Rh3+ 40. Kg4 Rh6 41. Re2+ Kd5 42. Kf4 Rf6+ 43. Kg3 h6 44. Re1 Rb6 45. Re2 Kc4
46. Rd2 Rd6 47. Rh2 a5 48. Kf3 Kd3 49. Rh5 b6 50. Rb5 Rf6+ 51. Kg3 Rg6+ 0-1

[Event "25. Copenhagen Open  (Politiken Cup)"]
[Site "Copenhagen"]
[Date "2003.07.22"]
[Round "8"]
[White "Lauritsen, Martin Lee"]
[Black "Lie, Terje"]
[Result "1-0"]
[WhiteElo "1687"]
[BlackElo "1000"]
[PlyCount "127"]
[EventDate "2003.07.14"]
[EventType "swiss"]
[EventRounds "11"]
[EventCountry "DEN"]
[SourceDate "2004.01.01"]

1. e4 d6 2. d4 Nf6 3. Nc3 g6 4. Nf3 Bg7 5. Bc4 Nc6 6. h3 O-O 7. Be3 Nd7 8. Qd2
Nb6 9. Be2 e5 10. Bh6 Nxd4 11. Nxd4 Bxh6 12. Qxh6 exd4 13. Nb5 c5 14. Qf4 d5
15. Nc7 Rb8 16. exd5 Bf5 17. d6 Nc8 18. Nb5 a6 19. d7 Ne7 20. Nd6 Bxd7 21. Bc4
Nf5 22. Nxf7 Rxf7 23. O-O-O Kf8 24. Bxf7 Kxf7 25. g4 Rc8 26. gxf5 Bxf5 27. h4
Qd5 28. b3 Qe4 29. Qxe4 Bxe4 30. Rhe1 Bf5 31. Re5 a5 32. Rde1 Rc7 33. Kb2 Kf6
34. Re8 b6 35. Rb8 Rc6 36. Rb7 g5 37. h5 g4 38. Re8 Kg5 39. Reb8 Kxh5 40. Rxb6
Rxb6 41. Rxb6 Kg5 42. Rb5 Kf4 43. Rxc5 d3 44. cxd3 Bxd3 45. Kc3 Be2 46. Kd2 Bf3
47. Rxa5 Be4 48. Rh5 Kf3 49. Rh2 Bg6 50. a4 h5 51. b4 Kf4 52. b5 Kg5 53. Ke3 h4
54. b6 g3 55. fxg3 hxg3 56. Rg2 Kg4 57. b7 Kh3 58. Rg1 Bc2 59. b8=Q g2 60. a5
Ba4 61. a6 Bc6 62. a7 Bd5 63. Kf2 Be6 64. Qg3# 1-0

[Event "25. Copenhagen Open  (Politiken Cup)"]
[Site "Copenhagen"]
[Date "2003.07.22"]
[Round "8"]
[White "Liden, Jimmy"]
[Black "Moller, Arne"]
[Result "1/2-1/2"]
[WhiteElo "1530"]
[BlackElo "1975"]
[PlyCount "56"]
[EventDate "2003.07.14"]
[EventType "swiss"]
[EventRounds "11"]
[EventCountry "DEN"]
[SourceDate "2004.01.01"]

1. Nf3 Nf6 2. g3 g6 3. Bg2 Bg7 4. d4 d5 5. O-O O-O 6. b3 c6 7. Bb2 Nbd7 8. Nbd2
b6 9. c4 Bb7 10. e3 Re8 11. Re1 e6 12. Rc1 Rc8 13. Ne5 Nxe5 14. dxe5 Nd7 15. f4
f6 16. exf6 Bxf6 17. Bxf6 Nxf6 18. e4 c5 19. e5 Nh5 20. Nf1 Qd7 21. Bf3 Ng7 22.
Ne3 d4 23. Ng4 Nh5 24. Nf2 Ng7 25. Bxb7 Qxb7 26. Ne4 Red8 27. Nd6 Rxd6 28. exd6
Rd8 1/2-1/2

[Event "25. Copenhagen Open  (Politiken Cup)"]
[Site "Copenhagen"]
[Date "2003.07.22"]
[Round "8"]
[White "Lilja, Richard"]
[Black "Rosenkilde, Alexander"]
[Result "1-0"]
[WhiteElo "2137"]
[BlackElo "1699"]
[PlyCount "93"]
[EventDate "2003.07.14"]
[EventType "swiss"]
[EventRounds "11"]
[EventCountry "DEN"]
[SourceDate "2004.01.01"]

1. e4 c5 2. Nc3 Nc6 3. Bb5 d6 4. Bxc6+ bxc6 5. d3 e6 6. f4 Ne7 7. Nf3 g6 8. O-O
Bg7 9. Qe1 Ba6 10. f5 gxf5 11. Kh1 Qd7 12. Rb1 c4 13. d4 O-O-O 14. e5 c5 15.
dxc5 dxc5 16. Bg5 Qc7 17. Qh4 Rd7 18. Rbd1 Rxd1 19. Rxd1 Ng6 20. Qg3 Bxe5 21.
Nxe5 Qxe5 22. Qxe5 Nxe5 23. Bf6 Ng4 24. Bxh8 Nf2+ 25. Kg1 Nxd1 26. Nxd1 Bb7 27.
Be5 Kd7 28. Ne3 Be4 29. Kf2 a6 30. Ke2 Kc6 31. g3 Kb5 32. Kd2 Bf3 33. Nd1 Kc6
34. Nc3 Bg2 35. Ke3 Bh3 36. Kf4 Bg4 37. Kg5 Bh3 38. Kh6 f4 39. Bxf4 Bf5 40. Kg7
Bg6 41. g4 a5 42. Kf6 Kd7 43. h4 h5 44. gxh5 Bxh5 45. Ne4 Bg6 46. Nxc5+ Kc6 47.
Nxe6 1-0

[Event "25. Copenhagen Open  (Politiken Cup)"]
[Site "Copenhagen"]
[Date "2003.07.22"]
[Round "8"]
[White "Lund, Silas"]
[Black "Nordfjord, Sverrir"]
[Result "1-0"]
[WhiteElo "2283"]
[BlackElo "2057"]
[PlyCount "89"]
[EventDate "2003.07.14"]
[EventType "swiss"]
[EventRounds "11"]
[EventCountry "DEN"]
[SourceDate "2004.01.01"]

1. d4 e6 2. c4 b6 3. a3 Bb7 4. d5 Qh4 5. e3 f5 6. Nc3 Nf6 7. Nf3 Qh5 8. Be2 Bd6
9. dxe6 dxe6 10. Nb5 Ke7 11. Nxd6 cxd6 12. Nd4 Qe8 13. O-O Na6 14. b4 Qd7 15.
f3 g5 16. Bb2 Nc7 17. Qd3 h5 18. Rad1 Rh6 19. c5 bxc5 20. bxc5 Ba6 21. cxd6+
Kf7 22. Qd2 Bxe2 23. Nxe2 Ncd5 24. e4 Nb6 25. h4 Nc4 26. Qxg5 Rg6 27. Qc1 Qb5
28. exf5 exf5 29. Bxf6 Rxf6 30. d7 Rd8 31. Nf4 Rd6 32. Rxd6 Nxd6 33. Rd1 Rxd7
34. Qd2 Qc5+ 35. Kh1 Re7 36. Nxh5 Nc4 37. Qd5+ Qxd5 38. Rxd5 Kg6 39. Nf4+ Kf6
40. Rc5 Re1+ 41. Kh2 Nxa3 42. Ra5 Nc4 43. Ra6+ Kg7 44. Rxa7+ Kh6 45. g4 1-0

[Event "25. Copenhagen Open  (Politiken Cup)"]
[Site "Copenhagen"]
[Date "2003.07.22"]
[Round "8"]
[White "Lonborg, Morten"]
[Black "Matthiesen, Martin"]
[Result "1-0"]
[WhiteElo "2185"]
[BlackElo "2260"]
[PlyCount "59"]
[EventDate "2003.07.14"]
[EventType "swiss"]
[EventRounds "11"]
[EventCountry "DEN"]
[SourceDate "2004.01.01"]

1. e4 e5 2. Nf3 Nc6 3. c3 Nf6 4. d4 exd4 5. e5 Ne4 6. Nxd4 Qh4 7. g3 Nxg3 8.
fxg3 Qe4+ 9. Qe2 Qxh1 10. Nf3 b6 11. Nbd2 Bb7 12. Kd1 a5 13. Kc2 Ba6 14. c4 Bb7
15. b3 a4 16. bxa4 Rxa4 17. Bb2 Ba6 18. Bg2 Nb4+ 19. Kb3 Ra3+ 20. Kxa3 Qxa1 21.
Bxa1 Nd3+ 22. Ka4 Nc1 23. Qe4 c6 24. Bb2 b5+ 25. Ka5 Nxa2 26. Kxa6 Bc5 27. e6
Nb4+ 28. Kb7 fxe6 29. Bxg7 Rg8 30. Qxh7 1-0

[Event "25. Copenhagen Open  (Politiken Cup)"]
[Site "Copenhagen"]
[Date "2003.07.22"]
[Round "8"]
[White "Madsen, Gert Medom"]
[Black "Anders, Maik"]
[Result "1-0"]
[WhiteElo "1734"]
[BlackElo "1558"]
[PlyCount "117"]
[EventDate "2003.07.14"]
[EventType "swiss"]
[EventRounds "11"]
[EventCountry "DEN"]
[SourceDate "2004.01.01"]

1. d4 d5 2. c4 e6 3. Nc3 Be7 4. cxd5 exd5 5. Bf4 c6 6. e3 Nf6 7. Bd3 Nbd7 8.
Qc2 Nh5 9. Bg3 Nxg3 10. hxg3 h6 11. O-O-O Nf6 12. Kb1 Be6 13. Nge2 Qd7 14. Nf4
Bd6 15. Nxe6 Qxe6 16. Rh4 O-O 17. Rdh1 Ng4 18. Bh7+ Kh8 19. Bf5 Nxe3 20. fxe3
Qxe3 21. g4 Bf4 22. Qd3 Rfe8 23. R4h3 Qxd3+ 24. Bxd3 Re7 25. Rf3 Bg5 26. Rhf1
f6 27. Bg6 Rd8 28. Kc2 Rd6 29. Kd1 Bh4 30. g3 Bg5 31. Re1 Rde6 32. Rxe6 Rxe6
33. Rf2 Re3 34. Re2 Rxe2 35. Nxe2 Be3 36. Kc2 c5 37. Kd3 Bf2 38. dxc5 Bxc5 39.
Bf7 b5 40. Bxd5 a5 41. Bc6 b4 42. Kc4 Bb6 43. Kb5 Bc7 44. b3 Kg8 45. Nd4 Kf7
46. Bd5+ Kg6 47. Be4+ Kg5 48. Ne6+ Kxg4 49. Nxc7 f5 50. Bxf5+ Kxf5 51. Kxa5 Kg4
52. Kxb4 Kxg3 53. a4 g5 54. a5 g4 55. a6 Kf2 56. a7 g3 57. a8=Q g2 58. Qf8+ Ke1
59. Qxh6 1-0

[Event "25. Copenhagen Open  (Politiken Cup)"]
[Site "Copenhagen"]
[Date "2003.07.22"]
[Round "8"]
[White "Malmdin, Nils Ake"]
[Black "Larsen, Karsten"]
[Result "0-1"]
[WhiteElo "2190"]
[BlackElo "2282"]
[PlyCount "66"]
[EventDate "2003.07.14"]
[EventType "swiss"]
[EventRounds "11"]
[EventCountry "DEN"]
[SourceDate "2004.01.01"]

1. e4 e5 2. Nf3 Nc6 3. d4 exd4 4. Bb5 a6 5. Ba4 Nf6 6. O-O Be7 7. Re1 b5 8. e5
Nxe5 9. Rxe5 d6 10. Re1 bxa4 11. Nxd4 Bd7 12. Qf3 d5 13. Bg5 O-O 14. Nc3 c6 15.
Nf5 Bxf5 16. Qxf5 a3 17. bxa3 h6 18. Bh4 Re8 19. Rab1 Nd7 20. Bg3 Bf6 21. Rxe8+
Qxe8 22. Na4 g6 23. Qd3 Ne5 24. Bxe5 Qxe5 25. Nc5 Qe7 26. Nb3 Qxa3 27. Nc1 Re8
28. Kf1 Qa5 29. Ne2 Qxa2 30. Rd1 Kg7 31. g3 a5 32. c3 Qa4 33. h4 h5 0-1

[Event "25. Copenhagen Open  (Politiken Cup)"]
[Site "Copenhagen"]
[Date "2003.07.22"]
[Round "8"]
[White "Marder, Simon"]
[Black "Gregusson, Magnus Albert"]
[Result "1-0"]
[WhiteElo "2067"]
[BlackElo "1500"]
[PlyCount "93"]
[EventDate "2003.07.14"]
[EventType "swiss"]
[EventRounds "11"]
[EventCountry "DEN"]
[SourceDate "2004.01.01"]

1. d4 Nf6 2. Bg5 g6 3. Bxf6 exf6 4. c4 Bg7 5. Nc3 f5 6. g3 c6 7. e3 d6 8. Bg2
O-O 9. Nge2 Nd7 10. O-O Nf6 11. b4 Re8 12. Qc2 Qe7 13. b5 Ne4 14. a4 Bd7 15.
Ra2 Rab8 16. a5 g5 17. a6 b6 18. Qd3 h5 19. bxc6 Bxc6 20. Nd5 Bxd5 21. cxd5
Rec8 22. Rc2 Qd7 23. Bxe4 fxe4 24. Qxe4 Rxc2 25. Qxc2 Rc8 26. Qd3 f6 27. Qe4
Kf7 28. f4 g4 29. f5 Qe8 30. Qe6+ Qxe6 31. dxe6+ Ke7 32. Rc1 Rxc1+ 33. Nxc1 d5
34. Kf2 Kd6 35. Nd3 Bf8 36. Nb4 Be7 37. Ke2 Bf8 38. Kd3 Be7 39. Kc3 Bf8 40. Kc2
Be7 41. Kb3 b5 42. Nd3 Kc6 43. Nf4 Bd6 44. Nxh5 Be7 45. Nf4 Bd6 46. Nd3 Kb6 47.
Nb4 1-0

[Event "25. Copenhagen Open  (Politiken Cup)"]
[Site "Copenhagen"]
[Date "2003.07.22"]
[Round "8"]
[White "McShane, Rod"]
[Black "Draeger, Michael"]
[Result "0-1"]
[WhiteElo "1500"]
[BlackElo "1702"]
[PlyCount "114"]
[EventDate "2003.07.14"]
[EventType "swiss"]
[EventRounds "11"]
[EventCountry "DEN"]
[SourceDate "2004.01.01"]

1. e4 c5 2. Nf3 d6 3. d4 cxd4 4. Nxd4 Nf6 5. Nc3 a6 6. Be3 e5 7. Nb3 Be6 8. f3
Be7 9. Qd2 Nbd7 10. Be2 Rc8 11. O-O Nc5 12. Nxc5 dxc5 13. Rfd1 O-O 14. Nd5 Ne8
15. c4 Bd6 16. Bg5 f6 17. Be3 Rc6 18. Qc3 Qc8 19. Rd2 f5 20. Bg5 Rf7 21. Rad1
Qb8 22. b3 h6 23. Bh4 g5 24. Bf2 f4 25. a3 b5 26. cxb5 axb5 27. Qa5 c4 28. Rc1
Bc7 29. Nxc7 Rfxc7 30. bxc4 Bxc4 31. Rdc2 Nd6 32. Bxc4+ Nxc4 33. Qb4 Qa8 34.
Qb3 Rb7 35. h3 Ra6 36. Bc5 Kg7 37. Bb4 Rd7 38. Qc3 Qa7+ 39. Kh2 Qe3 40. Ra2 Rd3
41. Qa1 Kf6 42. Re1 Qd4 43. Bf8 h5 44. Qb1 Qd7 45. Bb4 g4 46. hxg4 hxg4 47. Rf1
Qh7+ 48. Kg1 g3 49. Re1 Qh2+ 50. Kf1 Qh1+ 51. Ke2 Re3+ 52. Kd1 Rxe1+ 53. Bxe1
Ne3+ 54. Ke2 Qf1+ 55. Kd2 Rd6+ 56. Kc3 Qc4+ 57. Kb2 Rd1 0-1

[Event "25. Copenhagen Open  (Politiken Cup)"]
[Site "Copenhagen"]
[Date "2003.07.22"]
[Round "8"]
[White "Mortensen, Erling"]
[Black "Houska, Jovanka"]
[Result "1-0"]
[WhiteElo "2445"]
[BlackElo "2350"]
[PlyCount "77"]
[EventDate "2003.07.14"]
[EventType "swiss"]
[EventRounds "11"]
[EventCountry "DEN"]
[SourceDate "2004.01.01"]

1. e4 c6 2. d4 d5 3. e5 Bf5 4. Nf3 e6 5. Be2 Be7 6. O-O h5 7. b3 Nd7 8. c4 Nh6
9. Nc3 a6 10. c5 g5 11. Ne1 g4 12. Bxh6 Rxh6 13. f4 Qa5 14. Na4 b6 15. cxb6
Nxb6 16. Bd3 Nxa4 17. bxa4 Bxd3 18. Nxd3 Qc3 19. Nf2 g3 20. Nh3 c5 21. dxc5
Bxc5+ 22. Kh1 gxh2 23. Rc1 Qd4 24. Qc2 Rc8 25. Rf3 Rg6 26. Rc3 Kf8 27. Rxc5 Rb8
28. Rc8+ Rxc8 29. Qxc8+ Kg7 30. Qc2 Qe3 31. Rf1 Rg4 32. Qf2 Qc3 33. Ng5 d4 34.
Ne4 Qd3 35. Nf6 Rg6 36. Nxh5+ Kh6 37. Nf6 Rg3 38. Kxh2 Re3 39. Qh4+ 1-0

[Event "25. Copenhagen Open  (Politiken Cup)"]
[Site "Copenhagen"]
[Date "2003.07.22"]
[Round "8"]
[White "Naes, Flovin Tor"]
[Black "Laursen, Niels Norskov"]
[Result "1-0"]
[WhiteElo "2330"]
[BlackElo "2109"]
[PlyCount "76"]
[EventDate "2003.07.14"]
[EventType "swiss"]
[EventRounds "11"]
[EventCountry "DEN"]
[SourceDate "2004.01.01"]

1. d4 Nf6 2. c4 c5 3. e3 g6 4. Nc3 Bg7 5. Nf3 O-O 6. Bd3 d5 7. O-O cxd4 8. exd4
Bg4 9. h3 Bxf3 10. Qxf3 Nc6 11. Be3 e5 12. Nxd5 Nxd5 13. Qxd5 Nb4 14. Qxd8
Raxd8 15. Be4 exd4 16. Bd2 Nc6 17. b4 d3 18. Rab1 Rfe8 19. Rfe1 Ne5 20. Rbc1
Nc6 21. Kf1 Nd4 22. Bxb7 Re2 23. Red1 Rb8 24. Bd5 Nc2 25. Bf4 Rbe8 26. Bf3 Bd4
27. Bg3 Nxb4 28. a3 Nc2 29. Kg1 Nxa3 30. Kh2 Bb2 31. Rxd3 Bxc1 32. Bxe2 Rxe2
33. c5 Rc2 34. Be5 f6 35. Bc3 Nb5 36. g3 Ba3 37. c6 Bd6 38. Bb4 Rxc6 {Tid} 1-0

[Event "25. Copenhagen Open  (Politiken Cup)"]
[Site "Copenhagen"]
[Date "2003.07.22"]
[Round "8"]
[White "Nielsen, Jens Holm"]
[Black "Ottosen, Peder"]
[Result "1/2-1/2"]
[WhiteElo "2102"]
[BlackElo "1830"]
[PlyCount "215"]
[EventDate "2003.07.14"]
[EventType "swiss"]
[EventRounds "11"]
[EventCountry "DEN"]
[SourceDate "2004.01.01"]

1. e4 c6 2. Nc3 d5 3. Qf3 dxe4 4. Nxe4 Nd7 5. d4 Ndf6 6. c3 Bg4 7. Nxf6+ Nxf6
8. Qg3 e6 9. f3 Bf5 10. Bc4 Bd6 11. Qf2 Nd5 12. Ne2 O-O 13. O-O Qc7 14. Qh4 c5
15. Bxd5 exd5 16. Nf4 cxd4 17. Nxd5 Qa5 18. c4 Bd3 19. Rd1 Bxc4 20. Nf6+ gxf6
21. Bh6 Qf5 22. Kh1 Be5 23. Bxf8 Rxf8 24. f4 Qxf4 25. Qxf4 Bxf4 26. Rxd4 Bxh2
27. Kxh2 Be6 28. Rb4 Rb8 29. a4 Bd5 30. Rd1 Bc6 31. Rd6 Re8 32. Rg4+ Kf8 33.
Rxf6 Re2 34. b3 Rb2 35. Rg3 Bd5 36. Rf5 Be6 37. Rb5 b6 38. Rc3 Ke7 39. Kg3 Kd6
40. Rb4 Bd5 41. Rd3 Rxg2+ 42. Kh3 Rg5 43. Kh4 Re5 44. Rb5 Ke6 45. a5 Kd6 46.
axb6 axb6 47. Rxb6+ Kc5 48. Rb8 Re4+ 49. Kg3 Be6 50. Rc3+ Kd4 51. Rf3 Kc5 52.
b4+ Rxb4 53. Rxb4 Kxb4 54. Kh4 Bb3 55. Kg5 Be6 56. Rf4+ Kc5 57. Rh4 Kd5 58. Kf6
Kc5 59. Ke5 Ba2 60. Rxh7 Be6 61. Rh1 Kb4 62. Kd4 Kb3 63. Rc1 Kb4 64. Rb1+ Ka4
65. Rb6 Ka5 66. Rb1 Ka4 67. Kc5 Ka3 68. Rb4 Ba2 69. Rb6 Be6 70. Kd4 Ka4 71. Rb8
Ka5 72. Kc5 Ka4 73. Rb4+ Ka3 74. Rf4 Kb3 75. Rf3+ Kc2 76. Kd4 Kb2 77. Rc3 Ba2
78. Kd3 Be6 79. Rc7 Kb3 80. Rb7+ Ka3 81. Kc3 Ka4 82. Ra7+ Kb5 83. Kd4 Kb4 84.
Ra1 Kb3 85. Rf1 Kb4 86. Rf2 Ka4 87. Rc2 Kb4 88. Rc1 Kb3 89. Rc3+ Kb4 90. Rc2
Kb3 91. Re2 Kb4 92. Re1 Ka4 93. Kc3 Kb5 94. Re4 Kc5 95. Re5+ Kd6 96. Kd4 Kc6
97. Rc5+ Kd6 98. Rc1 Bh3 99. Ra1 Be6 100. Ra6+ Kc7 101. Kc5 Kd7 102. Kd4 Ke7
103. Ke5 Kd7 104. Kf6 Bb3 105. Rb6 Be6 106. Rb7+ Kd6 107. Rxf7 Bxf7 108. Kxf7
1/2-1/2

[Event "25. Copenhagen Open  (Politiken Cup)"]
[Site "Copenhagen"]
[Date "2003.07.22"]
[Round "8"]
[White "Nielsen, Jrgen Kamp"]
[Black "Pedersen, Kaj Vinding"]
[Result "0-1"]
[WhiteElo "1170"]
[BlackElo "1553"]
[PlyCount "20"]
[EventDate "2003.07.14"]
[EventType "swiss"]
[EventRounds "11"]
[EventCountry "DEN"]
[SourceDate "2004.01.01"]

1. e4 Nf6 2. e5 Nd5 3. d4 d6 4. Nf3 Bg4 5. h3 Bxf3 6. Qxf3 dxe5 7. dxe5 c6 8.
a4 e6 9. Bc4 Nd7 10. Bg5 Qxg5 0-1

[Event "25. Copenhagen Open  (Politiken Cup)"]
[Site "Copenhagen"]
[Date "2003.07.22"]
[Round "8"]
[White "Nielsen, Poul Bang"]
[Black "Bekker Jensen, Dorte"]
[Result "0-1"]
[WhiteElo "1100"]
[BlackElo "1593"]
[PlyCount "82"]
[EventDate "2003.07.14"]
[EventType "swiss"]
[EventRounds "11"]
[EventCountry "DEN"]
[SourceDate "2004.01.01"]

1. e4 c5 2. Nf3 d6 3. d4 cxd4 4. Nxd4 Nf6 5. Nc3 a6 6. Be2 e5 7. Nb3 Be7 8. O-O
Nbd7 9. f4 b5 10. fxe5 dxe5 11. a3 Bb7 12. Qd3 Qc7 13. Bd2 Rd8 14. Nd5 Nxd5 15.
exd5 Nf8 16. Ba5 Bc5+ 17. Kh1 Bb6 18. Bxb6 Qxb6 19. Qg3 Ng6 20. c4 bxc4 21.
Bxc4 Bxd5 22. Bxd5 Rxd5 23. Qf3 Qe6 24. Rac1 O-O 25. Nc5 Qd6 26. Nxa6 Rd2 27.
Rc6 Qd4 28. Rc7 Qf4 29. b4 Qxf3 30. gxf3 Ra8 31. b5 Rd6 32. a4 Nf4 33. Rfc1 Kf8
34. a5 Rad8 35. h4 Rh6 36. Rc8 Rxh4+ 37. Kg1 Ne2+ 38. Kf2 Nxc1 39. Rxd8+ Ke7
40. Ra8 Rh2+ 41. Ke3 Re2# 0-1

[Event "25. Copenhagen Open  (Politiken Cup)"]
[Site "Copenhagen"]
[Date "2003.07.22"]
[Round "8"]
[White "Nielsen, Thomas"]
[Black "Jensen, Benjamin Lau"]
[Result "1-0"]
[WhiteElo "2028"]
[BlackElo "1699"]
[PlyCount "93"]
[EventDate "2003.07.14"]
[EventType "swiss"]
[EventRounds "11"]
[EventCountry "DEN"]
[SourceDate "2004.01.01"]

1. c4 c5 2. Nc3 Nf6 3. g3 e6 4. e4 Nc6 5. Nf3 d6 6. Bg2 Be7 7. d4 cxd4 8. Nxd4
Nxd4 9. Qxd4 O-O 10. O-O Qa5 11. Nb5 Qd8 12. Rd1 e5 13. Qd3 Ne8 14. b3 a6 15.
Nc3 Bg4 16. f3 Be6 17. Be3 g5 18. Nd5 Bxd5 19. Qxd5 Qc8 20. Rac1 Nc7 21. Qa5
Ne6 22. Bh3 Re8 23. Rd5 Bf8 24. Bxg5 Qc6 25. Be3 Nc7 26. Rdd1 Re7 27. Qd2 Ne8
28. c5 dxc5 29. Rxc5 Qg6 30. Bf5 Qg7 31. Qa5 Nf6 32. Kg2 h5 33. Rc7 Rae8 34.
Rxe7 Rxe7 35. Rd8 Re8 36. Rd2 h4 37. Qa4 Be7 38. Rc2 hxg3 39. hxg3 Rd8 40. Qa5
Rd1 41. Rc8+ Bf8 42. Qxe5 Re1 43. Bc5 Re2+ 44. Kf1 Rf2+ 45. Ke1 Qh6 46. Bxf2
Kg7 47. Qf4 1-0

[Event "25. Copenhagen Open  (Politiken Cup)"]
[Site "Copenhagen"]
[Date "2003.07.22"]
[Round "8"]
[White "Nilssen, John Arni"]
[Black "Skjoldborg, Jesper"]
[Result "1-0"]
[WhiteElo "2382"]
[BlackElo "2253"]
[PlyCount "65"]
[EventDate "2003.07.14"]
[EventType "swiss"]
[EventRounds "11"]
[EventCountry "DEN"]
[SourceDate "2004.01.01"]

1. d4 Nf6 2. c4 c5 3. d5 b5 4. cxb5 a6 5. b6 e6 6. Nc3 Nxd5 7. Nxd5 exd5 8.
Qxd5 Nc6 9. Nf3 Rb8 10. Bg5 f6 11. Bd2 Qxb6 12. Bc3 Nb4 13. Qd1 Qe6 14. a3 Nd5
15. e3 Nxc3 16. bxc3 Be7 17. Be2 O-O 18. O-O f5 19. Qa4 d5 20. c4 Bb7 21. cxd5
Bxd5 22. Rac1 f4 23. e4 Qxe4 24. Qxe4 Bxe4 25. Bc4+ Kh8 26. Ne5 Bf6 27. Nd7 Bd4
28. Rce1 Bc6 29. Nxb8 Rxb8 30. Re6 Bd7 31. Rxa6 h6 32. a4 f3 33. a5 1-0

[Event "25. Copenhagen Open  (Politiken Cup)"]
[Site "Copenhagen"]
[Date "2003.07.22"]
[Round "8"]
[White "Nordenbaek, Jan"]
[Black "Schandorff, Lars"]
[Result "0-1"]
[WhiteElo "2254"]
[BlackElo "2525"]
[PlyCount "46"]
[EventDate "2003.07.14"]
[EventType "swiss"]
[EventRounds "11"]
[EventCountry "DEN"]
[SourceDate "2004.01.01"]

1. e4 c5 2. Nf3 Nc6 3. b3 e5 4. Bb2 d6 5. Bc4 Be7 6. h3 Nf6 7. Qe2 O-O 8. Nc3
a6 9. Nd5 Nxd5 10. Bxd5 Nb4 11. d3 Nxd5 12. exd5 f5 13. O-O-O b5 14. Nd2 a5 15.
g4 Bg5 16. Kb1 a4 17. gxf5 Bxf5 18. Rdg1 axb3 19. cxb3 Bxd2 20. Qxd2 c4 21. f4
Bxd3+ 22. Ka1 Rxf4 23. a3 Qf6 0-1

[Event "25. Copenhagen Open  (Politiken Cup)"]
[Site "Copenhagen"]
[Date "2003.07.22"]
[Round "8"]
[White "Nyback, Tomi"]
[Black "Hartung Nielsen, Jens"]
[Result "1-0"]
[WhiteElo "2483"]
[BlackElo "2233"]
[PlyCount "77"]
[EventDate "2003.07.14"]
[EventType "swiss"]
[EventRounds "11"]
[EventCountry "DEN"]
[SourceDate "2004.01.01"]

1. Nf3 c5 2. c4 g6 3. e4 Bg7 4. d4 cxd4 5. Nxd4 Nc6 6. Be3 Nf6 7. Nc3 Ng4 8.
Qxg4 Nxd4 9. Qd1 e5 10. Nb5 O-O 11. Qd2 Qe7 12. Bd3 d6 13. Nxd4 exd4 14. Bg5 f6
15. Bh4 g5 16. Bg3 f5 17. f3 f4 18. Bf2 Be6 19. Be2 d3 20. Bxd3 Rfc8 21. Rc1 b5
22. cxb5 Bxa2 23. O-O Be6 24. Rc6 Be5 25. Rfc1 Qf6 26. Bc4 Bxc4 27. R1xc4 Rcb8
28. Qd3 Qe6 29. Rc2 Rb7 30. Bd4 Rd8 31. Bxe5 Qxe5 32. R2c5 Qe7 33. Rf5 h6 34.
Rd5 Rbd7 35. e5 Kg7 36. Kf1 dxe5 37. Rg6+ Kf8 38. Qf5+ Qf7 39. Rf6 1-0

[Event "25. Copenhagen Open  (Politiken Cup)"]
[Site "Copenhagen"]
[Date "2003.07.22"]
[Round "8"]
[White "Nyysti, Sampsa"]
[Black "Christensen, Stefan"]
[Result "1-0"]
[WhiteElo "2399"]
[BlackElo "2221"]
[PlyCount "115"]
[EventDate "2003.07.14"]
[EventType "swiss"]
[EventRounds "11"]
[EventCountry "DEN"]
[SourceDate "2004.01.01"]

1. e4 e6 2. d4 d5 3. Nc3 Bb4 4. e5 c5 5. a3 Bxc3+ 6. bxc3 Ne7 7. h4 Qa5 8. Bd2
cxd4 9. cxd4 Qa4 10. c3 Qxd1+ 11. Rxd1 Nbc6 12. h5 h6 13. Rb1 b6 14. Bd3 Bd7
15. Ne2 O-O-O 16. f3 Rdf8 17. Kf2 Kb7 18. Rbe1 Na5 19. g4 Nc4 20. Bc1 Bb5 21.
Nf4 a6 22. Rhg1 Na5 23. Bb1 Rc8 24. g5 Rxc3 25. gxh6 gxh6 26. Rg7 Rf8 27. Nxe6
fxe6 28. Rxe7+ Kc8 29. Be3 Nc6 30. Rxe6 Rxf3+ 31. Kxf3 Nxd4+ 32. Kg4 Nxe6 33.
Rc1 Rxc1 34. Bxc1 Be2+ 35. Kh4 Nd4 36. Bxh6 Nf3+ 37. Kg3 Nxe5 38. Bg7 Bxh5 39.
Bxe5 Kd7 40. Bd3 b5 41. Kf4 Kc6 42. Ke3 Bd1 43. Bc3 Kb6 44. Bg6 Bb3 45. Bf6 Bc4
46. Bd8+ Kb7 47. Kd4 Kc6 48. Be8+ Kb7 49. Kc5 Bb3 50. Bc6+ Ka7 51. Bf6 d4 52.
Bxd4 Bd1 53. Kb4+ Kb8 54. Be5+ Ka7 55. Ka5 Be2 56. Bd4+ Kb8 57. Kb6 a5 58. Bb7
1-0